Landscape, Religion, and the Supernatural (Record no. 81315)

MARC details
000 -LEADER
fixed length control field 03233namaa2200433uu 4500
001 - CONTROL NUMBER
control field doab135789
003 - CONTROL NUMBER IDENTIFIER
control field oapen
005 - DATE AND TIME OF LATEST TRANSACTION
control field 20260218110446.0
006 - FIXED-LENGTH DATA ELEMENTS--ADDITIONAL MATERIAL CHARACTERISTICS
fixed length control field m o d
007 - PHYSICAL DESCRIPTION FIXED FIELD--GENERAL INFORMATION
fixed length control field cr|mn|---annan
008 - FIXED-LENGTH DATA ELEMENTS--GENERAL INFORMATION
fixed length control field 240319s2024 xx |||||o ||| 0|eng d
020 ## - INTERNATIONAL STANDARD BOOK NUMBER
International Standard Book Number 9780197747360
020 ## - INTERNATIONAL STANDARD BOOK NUMBER
International Standard Book Number 9780197747377
020 ## - INTERNATIONAL STANDARD BOOK NUMBER
International Standard Book Number 9780197747391
020 ## - INTERNATIONAL STANDARD BOOK NUMBER
International Standard Book Number oso/9780197747360.001.0001
024 7# - OTHER STANDARD IDENTIFIER
Standard number or code 10.1093/oso/9780197747360.001.0001
Source of number or code doi
040 ## - CATALOGING SOURCE
Original cataloging agency oapen
Transcribing agency oapen
Modifying agency
041 0# - LANGUAGE CODE
Language code of text/sound track or separate title eng
042 ## - AUTHENTICATION CODE
Authentication code dc
245 00 - TITLE STATEMENT
Title Landscape, Religion, and the Supernatural
Remainder of title Nordic Perspectives on Landscape Theory
260 ## - PUBLICATION, DISTRIBUTION, ETC.
Place of publication, distribution, etc. Oxford
Name of publisher, distributor, etc. Oxford University Press
Date of publication, distribution, etc. 2024
300 ## - PHYSICAL DESCRIPTION
Extent 1 online resource (353 p.)
336 ## - CONTENT TYPE
Content type term text
Content type code txt
Source rdacontent
337 ## - MEDIA TYPE
Media type term computer
Media type code c
Source rdamedia
338 ## - CARRIER TYPE
Carrier type term online resource
Carrier type code cr
Source rdacarrier
506 0# - RESTRICTIONS ON ACCESS NOTE
Standardized terminology for access restriction Unrestricted online access
Source of term star
520 ## - SUMMARY, ETC.
Summary, etc. Landscape, Religion, and the Supernatural presents a summa of current and classic theorizing on religion and the supernatural in relationship to the land and develops this theorizing further by confronting it with a rich set of folkloristic and historical data. Focusing on the themes of "time and memory," "repeating patterns," "identity formation," "morality," "labor," "playfulness and adventure," "power and subversion," "sound," "emotions," "coping with contingency," "home and unhomeliness," and "nature and environment," the book engages with a broad range of theoretical concepts and approaches from the interdisciplinary field of landscape theory and the study of religions. It brings this theorizing into dialogue with the rich culture of local storytelling and landscape-related traditional beliefs of the Strandir district of the Icelandic Westfjords. In this rural region, landscape-related traditions have been collected since the early nineteenth century and continue to be important to this day. Confronting this rich heritage with the insights of landscape theory both in and beyond the study of religions allows important new contributions to theorizing landscape and religion, especially when it comes to considering the perspectives on landscape held by rural populations rather than the urban upper classes that have stood in the focus of research to date. The example of the Icelandic Westfjords shows the extreme richness of religious and supernatural approaches to the landscape that can be developed in rural communities, and how they are significantly and characteristically different from the urban perspectives of literature and the arts.
540 ## - TERMS GOVERNING USE AND REPRODUCTION NOTE
Terms governing use and reproduction Creative Commons
-- https://creativecommons.org/licenses/by-nc-nd/4.0/
-- cc
Uniform Resource Identifier <a href="https://creativecommons.org/licenses/by-nc-nd/4.0/">https://creativecommons.org/licenses/by-nc-nd/4.0/</a>
546 ## - LANGUAGE NOTE
Language note English
650 #7 - SUBJECT ADDED ENTRY--TOPICAL TERM
Topical term or geographic name entry element Historical geography
Source of heading or term bicssc
650 #7 - SUBJECT ADDED ENTRY--TOPICAL TERM
Topical term or geographic name entry element Indigenous peoples
Source of heading or term bicssc
650 #7 - SUBJECT ADDED ENTRY--TOPICAL TERM
Topical term or geographic name entry element Relating to Indigenous peoples
Source of heading or term bicssc
650 #7 - SUBJECT ADDED ENTRY--TOPICAL TERM
Topical term or geographic name entry element Religion and beliefs
Source of heading or term bicssc
650 #7 - SUBJECT ADDED ENTRY--TOPICAL TERM
Topical term or geographic name entry element Sociology and anthropology
Source of heading or term bicssc
720 1# - ADDED ENTRY--UNCONTROLLED NAME
Name Egeler, Matthias
Relator code aut
793 0# -
-- DOAB Library.
856 ## - ELECTRONIC LOCATION AND ACCESS
Uniform Resource Identifier <a href="https://docs.google.com/spreadsheets/d/1yKIrdCPDAG_9c22mwoOIO2DOhtj65Wqa/edit?usp=sharing&ouid=106555315294820607512&rtpof=true&sd=true ">https://docs.google.com/spreadsheets/d/1yKIrdCPDAG_9c22mwoOIO2DOhtj65Wqa/edit?usp=sharing&ouid=106555315294820607512&rtpof=true&sd=true </a>
Link text List of Curated E-Books
942 ## - ADDED ENTRY ELEMENTS (KOHA)
Koha item type E-Book
Holdings
Withdrawn status Damaged status Not for loan Home library Current library Date acquired Total Checkouts Date last seen Price effective from Koha item type
      Directory of Open Access Books Directory of Open Access Books 12/09/2024   12/09/2024 12/09/2024 E-Book

University of Rizal System
Email us at univlibservices@urs.edu.ph

Visit our Website www.urs.edu.ph/library